Las Superpotencias y las tensiones regionales: U.R.S.S y Europa

Salvato in:
Dettagli Bibliografici
Autore principale: Griffith, William E.
Natura: testo
Pubblicazione: Buenos Aires: Tres Tiempos
Tags: Aggiungi Tag
Nessun Tag, puoi essere il primo ad aggiungerne!!

MARC

LEADER 00000 a a2200000 04500
001 22917
003
040
090 |a 158300  
100 |a Griffith, William E.  
245 |a Las Superpotencias y las tensiones regionales: U.R.S.S y Europa  
260 |a Buenos Aires:   |b Tres Tiempos  
300 |a 187 p.  
999 |c 1319  |d 1319